000 00455nam a2200157 i 4500
001 99507
003 ES-MaACL
005 20230906182516.0
007 t|
008 050912s1974 zzz ||||1| fre d
100 1 _aMartín Serrano, Manuel.
_977663
245 1 3 _aLa structure de discours iconique a la télévision /
_cManuel Martín Serrano.
260 _a[s.l. :
_bs.n.],
_c1974.
300 _a26 h. ;
_c31 cm.
852 _aES-MaACL
_j2087-F-22
_bR.89830
999 _c99507
_d99507